Culture Générale – Thème Jeux-Vidéos - Statistiques

Statistiques générales
  • Ce quiz a été pris 93 fois
  • Le résultat moyen est 9 sur 20
Statistiques - réponses
Questions Réponses % Correct
Nintendo : Comment s'appelle le frère de Mario ? Luigi
98%
Combien de jeux GTA principaux sont sortis actuellement (en 2026) ? 7
94%
Quelle entreprise fabrique les PlayStation ? Sony
94%
Dans les jeux Zelda, comment s'appelle le protagoniste ? Link
93%
Sur les consoles Nintendo, comment se nomment les bonhommes qu'on crée pour des jeux comme Wii Party ou Tombodachi Life ? Mii
81%
Sur Minecraft, on peut jouer en mode survie, en mode aventure et en mode... ? Créatif
80%
Dans Among Us, quel rôle doit tuer les coéquipiers et saboter leurs missions ? Imposteur
80%
Quel jeu Xbox met en scène le soldat Master Chief ? Halo
61%
Minecraft : quel minerai permet de fabriquer les éléments les plus puissants ? Netherite
58%
Quelle est la console Xbox la plus récente (2026), sans lecteur de disque ? Xbox Series S
38%
Comment se nomme le dernier jeu Zelda sorti ? Tears of the Kingdom
30%
Fall Guys : dans quel niveau diffiicle les joueurs doivent marcher sur des plateformes hexagonales qui disparaissent vite ? Hex-A-Gone
13%
Quel est le premier jeu-vidéo interactif sur écran créé en 1958 ? Tennis for Two
13%
Quel sport, en plus du football, est présent dans Nintendo Switch Sports mais pas dans Wii Sports (et Wii Sports Resort) ? Badminton
11%
Dans quel Mario Party trouve-t-on le plateau : Pays de l'horreur ; et le mini-jeu : Compte-à-rebours ? Mario Party Superstars
4%
Cite une nouvelle transformation dans Super Mario Bros. Wonder, hormis l'éléphant. Fleur de bulle
3%
Dans Mario & Lapins Crétins Sparks of hope, quelle héroïne peut endormir et mitrailler ses ennemis ? Lapin Harmonie
3%
Dans Bowser's Fury, comment s'appelle le grand lac ? Lac Saudechat
1%
Comment s'appelle en anglais la ville de Splatoon 3 ? Splatsville
1%
Kirby Air Riders : quelle transformation permet de brûler les obstacles devant Kirby ? Torche
1%
Aucun quiz correspondant
Distribution des résultats
% des personnes avec chaque résultat
Percentile par nombre de réponses
Votre historique - résultats
Vous n’avez pas pris ce quiz